Statistics for Game of Thrones, A Guide to Westeros

Click here to take the quiz!

General Stats

  • This quiz has been taken 648 times
  • The average score is 13 of 15

Answer Stats

Hint Answer % Correct
Who is the oldest of the Stark childrenRob
98%
what is the last name of Sandor and Gregor (the hound and the mountain)Clegane
95%
who orchestrtes the murder of King JoffreyPetyr Baelish
91%
Who was the "Red Viper from Dorne" that fought the Mountain in season 4Oberyn Martell
91%
what is the translation for "valar morghulis"all men must die
88%
who is the boy who accompanies Bran on his trip to find the three eyed ravenJojen Reed
87%
who saved Tyrion's life during the Battle of Black WaterPodrick
87%
Who wants to "make the bad men fly"Robin
86%
"ours is the fury" are the words of what houseBaratheon
84%
^^^ what are his daughters known assand snakes
84%
what is the seat of House GreyjoyPyke
83%
who killed Jon ArrynLysa
78%
What does the marriage between Edmure Tully and Roslin Frey become known asThe Red Wedding
78%
what is the castle that was destroyed by dragons fireHarrenhal
73%
What were Jon Arryn's last wordsthe seed is strong
57%

Score Distribution

Percentile by Number Answered

Percent of People with Each Score

Your Score History

You have not taken this quiz